000 00577cam a22002291 4500
001 sa 68014868
003 DLC
005 20260227112636.0
008 890711s1968 ii b 000 0 hino
010 _asa 68014868
035 _a(OCoLC)19991102
040 _aDLC
_cWaU
_dDLC
042 _apremarc
050 0 0 _aPK2095.N3
_bZ57
100 1 _aAvasthī, Savitrī.
245 0 0 _aNandadāsa: jīvana aura kāvya.
260 _c[1968]
300 _a15, 472 p.
_c22 cm.
500 _aIn Hindi.
504 _aBibliography: p. 468-472.
600 0 0 _aNandadāsa,
_dactive 1568.
999 _c86075
_d86075